Velocity of light /

Bibliographic Details
Main Author: Sanders, J. H. (John Howard)
Format: Book
Language:English
Published: Oxford, New York : Pergamon Press, [1965]
Edition:[1st ed.].
Series:The Commonwealth and international library of science, technology, engineering, and liberal studies. Selected readings in physics
Subjects:

MARC

Tag First Indicator Second Indicator Subfields
LEADER 00000cam a2200000 4500
001 in00000051222
005 20151007065923.0
008 721201s1965 enk b 00000 eng u
010 |a  65019840  
035 |a (OCoLC)00505850 
035 |9 AAE2968AM 
040 |c MRC  |d TXA  |d UtOrBLW 
049 |a TXAM   |c 2 [427126] 
050 0 0 |a QC407  |b .S3 1965 
092 |a 535.24  |b S315v, 1965 
100 1 |a Sanders, J. H.  |q (John Howard) 
245 1 0 |a Velocity of light /  |c [by] J. H. Sanders. 
250 |a [1st ed.]. 
264 1 |a Oxford,  |a New York :  |b Pergamon Press,  |c [1965] 
300 |a x, 144 pages :  |b illustrations 
336 |a text  |b txt  |2 rdacontent 
337 |a unmediated  |b n  |2 rdamedia 
338 |a volume  |b nc  |2 rdacarrier 
490 0 |a The Commonwealth and international library of science, technology, engineering, and liberal studies. Selected readings in physics 
500 |a Includes bibliographies. 
650 0 |a Light  |x Speed. 
999 |a MARS 
999 f f |s 7e9a9215-aead-318b-ae89-a8f227234a83  |i c6aa5763-b49a-3328-bfc0-d333f72053a9  |t 0 
952 f f |p ric  |a Texas A&M University  |b Rellis Campus  |c Joint Library Facility  |d Remote Storage  |t 0  |e QC407 .S3 1965  |h Library of Congress classification  |i unmediated -- volume  |m A14800917107 
998 f f |a QC407 .S3 1965  |t 0  |l Remote Storage